Municipios de León - Estadísticas

Estadísticas generales
  • Esta prueba ha sido intentada 3 veces
  • La puntuación promedio es 36 de 211
Estadísticas de respuestas
Municipio % Correcto
Astorga
100%
Bembibre
100%
Cuadros
100%
La Bañeza
100%
Ponferrada
100%
Sahagún
100%
Boñar
67%
Cacabelos
67%
Cistierna
67%
Fabero
67%
La Robla
67%
La Vecilla
67%
León
67%
Mansilla de las Mulas
67%
Riaño
67%
San Andrés del Rabanedo
67%
San Emiliano
67%
Sariegos
67%
Valencia de Don Juan
67%
Valverde de la Virgen
67%
Villablino
67%
Villadangos del Páramo
67%
Villamañán
67%
Villamanín
67%
Balboa
33%
Benavides
33%
Bercianos del Real Camino
33%
Berlanga del Bierzo
33%
Boca de Huérgano
33%
Cabrillanes
33%
Calzada del Coto
33%
Camponaraya
33%
Cármenes
33%
Carracedelo
33%
Castrocalbón
33%
Castrocontrigo
33%
Congosto
33%
Corullón
33%
El Burgo Ranero
33%
Fresno de la Vega
33%
Grajal de Campos
33%
Hospital de Órbigo
33%
Laguna de Negrillos
33%
La Pola de Gordón
33%
Los Barrios de Luna
33%
Murias de Paredes
33%
Palacios del Sil
33%
Páramo del Sil
33%
Prioro
33%
Puebla de Lillo
33%
Quintana del Castillo
33%
Riello
33%
Rioseco de Tapia
33%
Sabero
33%
San Justo de la Vega
33%
Santa María del Páramo
33%
Santa Marina del Rey
33%
Sena de Luna
33%
Soto y Amío
33%
Toral de los Guzmanes
33%
Toral de los Vados
33%
Toreno
33%
Torre del Bierzo
33%
Truchas
33%
Turcia
33%
Valdefresno
33%
Valdepiélago
33%
Valdepolo
33%
Valderas
33%
Valle de Ancares
33%
Vegacervera
33%
Vega de Espinareda
33%
Vega de Valcarce
33%
Villafranca del Bierzo
33%
Villamejil
33%
Villaquilambre
33%
Villarejo de Órbigo
33%
Villares de Órbigo
33%
Acebedo
0%
Algadefe
0%
Alija del Infantado
0%
Almanza
0%
Ardón
0%
Arganza
0%
Barjas
0%
Benuza
0%
Bercianos del Páramo
0%
Borrenes
0%
Brazuelo
0%
Burón
0%
Bustillo del Páramo
0%
Cabañas Raras
0%
Cabreros del Río
0%
Campazas
0%
Campo de Villavidel
0%
Carrizo de la Ribera
0%
Carrocera
0%
Carucedo
0%
Castilfalé
0%
Castrillo de Cabrera
0%
Castrillo de la Valduerna
0%
Castropodame
0%
Castrotierra de Valmadrigal
0%
Cea
0%
Cebanico
0%
Cebrones del Río
0%
Chozas de Abajo
0%
Cimanes de la Vega
0%
Cimanes del Tejar
0%
Corbillos de los Oteros
0%
Crémenes
0%
Cubillas de los Oteros
0%
Cubillas de Rueda
0%
Cubillos del Sil
0%
Destriana
0%
Encinedo
0%
Escobar de Campos
0%
Folgoso de la Ribera
0%
Fuentes de Carbajal
0%
Garrafe de Torío
0%
Gordaliza del Pino
0%
Gordoncillo
0%
Gradefes
0%
Gusendos de los Oteros
0%
Igüeña
0%
Izagre
0%
Joarilla de las Matas
0%
La Antigua
0%
La Ercina
0%
Laguna Dalga
0%
Las Omañas
0%
Llamas de la Ribera
0%
Lucillo
0%
Luyego
0%
Magaz de Cepeda
0%
Mansilla Mayor
0%
Maraña
0%
Matadeón de los Oteros
0%
Matallana de Toro
0%
Matanza de los Oteros
0%
Molinaseca
0%
Noceda del Bierzo
0%
Oencia
0%
Onzonilla
0%
Oseja de Sajambre
0%
Pajares de los Oteros
0%
Palacios de la Valduerna
0%
Peranzanes
0%
Pobladura de Pelayo García
0%
Posada de Valdeón
0%
Pozuelo del Páramo
0%
Prado de la Guzpeña
0%
Priaranza del Bierzo
0%
Puente de Domingo Flórez
0%
Quintana del Marco
0%
Quintana y Congosto
0%
Regueras de Arriba
0%
Reyero
0%
Riego de la Vega
0%
Roperuelos del Páramo
0%
San Adrián del Valle
0%
Sancedo
0%
San Cristóbal de la Polantera
0%
San Esteban de Nogales
0%
San Millán de los Caballeros
0%
San Pedro Bercianos
0%
Santa Colomba de Curueño
0%
Santa Colomba de Somoza
0%
Santa Cristina de Valmadrigal
0%
Santa Elena de Jamuz
0%
Santa María de la Isla
0%
Santa María del Monte de Cea
0%
Santa María de Ordás
0%
Santas Martas
0%
Santiago Millas
0%
Santovenia de la Valdoncina
0%
Sobrado
0%
Soto de la Vega
0%
Trabaledo
0%
Urdiales del Páramo
0%
Valdefuentes del Páramo
0%
Valdelugueros
0%
Valdemora
0%
Valderrey
0%
Valderrueda
0%
Valdesamario
0%
Val de San Lorenzo
0%
Valdevimbre
0%
Vallecillo
0%
Valverde-Enrique
0%
Vega de Infanzones
0%
Vegaquemada
0%
Vegas del Condado
0%
Villabraz
0%
Villademor de la Vega
0%
Villagatón
0%
Villamandos
0%
Villamartín de Don Sancho
0%
Villamol
0%
Villamontán de la Valduerna
0%
Villamoratiel de las Matas
0%
Villanueva de las Manzanares
0%
Villaobispo de Otero
0%
Villaornate y Castro
0%
Villaquejida
0%
Villasabariego
0%
Villaselán
0%
Villaturiel
0%
Villazala
0%
Villazanzo de Valderaduey
0%
Zotes del Páramo
0%
No se encontraron pruebas coincidentes
Distribución de puntuación
Porcentaje de gente con cada puntuación
Porcentaje por número respondido
Historial de tus puntuaciones
No has intentado esta prueba.